000 01743nam a22002537a 4500
999 _c22033
_d22033
003 AR-CdUCM
008 190425b ||||| |||| 00| 0 spa d
040 _aMUNICIPALIDAD PROVINCIAL DEL CUSCO
_cBIBLIOTECA MUNICIPAL DEL CUSCO
082 _aTupacAmaru/N°5/1965
245 _aRevista Tupac Amaru :
_bÓrgano eventual de la provincia de Canas /
260 _aCusco :
_bH. G. Rozas,
_c1965.
300 _a66 páginas. :
_c28 cm.
440 _aRevista Tupac Amaru.
_nAño IV, Vol. IV, N°5, 1965
_947207
505 _aContenido: Presencia de Canas. Octavio Linares. -- Canas escenario de la revolución de 1780. Juan de la Cruz Salas Sánchez. -- Programa de salud de la posta médica de Yanaoca para el año de 1965. Agustín Vela Córdova. -- El crédito agrario. Pedro Valcárcel Gamarra. -- Tupac Amaru y la creación de la audiencia del Cuzco. Alcides E. estrada. -- Historia de la reforma agraria. Alfredo Urrutia Lezama. -- Doña Micaela Bastidas Phuyuqhawa es otro simbolo excelso de la mujer andina. Juan de la Cruz Salas. -- La mujer caneña en la revolución emancipadora de América. Felicia Montufar de Medrano. -- 184 aniversario de la muerte de Tupac Amaru II. Teófilo Uscamayta. -- Nace un colegio para la altiva provincia de Canas. Toribio Cornejo Herrera. -- Nuestro homenaje día del Cusco. Germán Linares Gutiérrez. -- Poesía, arte. Justo Béjar Navarro.
650 _aTúpac Amaru
_9623
650 _aLevantamientos andinos
_944095
650 _aRebeliones anticoloniales
_947208
700 _aSalas Sánchez, Juan de la Cruz
_911208
700 _aMontufar de Medrano, Felicia
_947209
700 _aLinares Gutiérrez, Germán
_947210
700 _aUscamayta, Teófilo
_947211
942 _2ddc
_cPP
945 _arac